UBT Library

Fjalor i shqipes së sotme : me rreth 35.000 fjalë / (Record no. 1134)

000 -LEADER
fixed length control field 00836nam a22002657a 4500
008 - FIXED-LENGTH DATA ELEMENTS--GENERAL INFORMATION
fixed length control field 150721b xxu||||| |||| 00| 0 alb d
020 ## - INTERNATIONAL STANDARD BOOK NUMBER
International Standard Book Number 999271607X
041 0# - LANGUAGE CODE
Language code of text/sound track or separate title alb
080 ## - UNIVERSAL DECIMAL CLASSIFICATION NUMBER
Universal Decimal Classification number 811.18 '374.3
245 ## - TITLE STATEMENT
Title Fjalor i shqipes së sotme : me rreth 35.000 fjalë /
Statement of responsibility, etc Botimet Toena.
250 ## -
-- Botim i Parë
260 ## -
-- Tiranë :
-- Toena,
-- 2002.
300 ## -
-- 1584 f. ;
-- 24 cm.
500 ## -
-- Në krye të fl. tit. : Akademia e Shkencave e Shqipërisë, Instituti i Gjuhësisë dhe i Letërsisë
650 #0 -
-- Gjuha shqipe
650 #0 -
-- Fjalorë
700 ## -
-- Jani Thomai (red.)
700 ## -
-- Miço Samara (red.)
700 ## -
-- Josif Kole (red.)
700 ## -
-- Pavli Haxhillazi (red.)
700 ## -
-- Hajri Shehu (red.)
700 ## -
-- Thanas Feka (red.)
700 ## -
-- Kornelja Sima (red.)
942 ## - ADDED ENTRY ELEMENTS (KOHA)
Source of classification or shelving scheme
Item type Books
Holdings
Withdrawn status Lost status Source of classification or shelving scheme Damaged status Not for loan Collection code Permanent location Current location Shelving location Date acquired Total Checkouts Full call number Date last seen Price effective from Koha item type
          Koleksioni i përgjithshem UBT - Prishtine UBT - Prishtine Koleksioni i përgjithshem 07/21/2015   811.18"374.3 FJA 07/21/2015 07/21/2015 Books
UBT Library © 2015-2024. All rights reserved University Education for Business and Technology